Characters of the The Boys (Season 1) - Statistics

General Stats
  • This quiz has been taken 57 times
  • The average score is 15 of 22
Answer Stats
Affliation Character % Correct
The Seven A-Train
100%
The Seven Homelander
100%
The Seven Starlight
98%
The Boys Billy Butcher
96%
The Boys Mother's Milk
96%
The Seven Black Noir
93%
The Seven The Deep
93%
The Boys Frenchie
91%
The Boys Hughie
89%
The Seven Queen Maeve
89%
The Boys Kimiko
87%
The Seven Translucent
84%
Vought Ashley Barrett
73%
Vought Madelyn Stillwell
62%
Vought Becca Butcher
42%
CIA Grace Mallory
38%
TV Star Mesmer
33%
None Robin Ward
33%
CIA Susan Raynor
27%
Vought Popclaw
20%
Vought Shockwave
13%
None Elena
9%
No matching quizzes found
Score Distribution
Percent of People with Each Score
Percentile by Number Answered
Your Score History
You have not taken this quiz